[Event "77 España ch 2012"]
[Site "Maspalomas ESP"]
[Date "2012.10.07"]
[Round "9.19"]
[White "Menendez Rey, Francisco Javier"]
[Black "Gonzalez Intelangelo, Gerardo"]
[Result "1-0"]
[WhiteElo "2229"]
[BlackElo "2010"]
[PlyCount "119"]
[EventDate "2012.09.29"]
[EventType "swiss"]
[EventRounds "9"]
[EventCountry "ESP"]
[Source "lmi"]
[SourceDate "2012.09.29"]

1. d4 d5 2. Nc3 Nf6 3. Bg5 Nbd7 4. e3 e6 5. Qf3 Be7 6. O-O-O c6 7. g4 b5 8. Bd3
b4 9. Nce2 Qa5 10. Kb1 c5 11. dxc5 Nxc5 12. Nd4 Bd7 13. Bf4 Nfe4 14. Nb3 Qd8
15. Ne2 a5 16. Ng3 a4 17. Nxc5 Nxc5 18. Nh5 O-O 19. g5 Nxd3 20. Rxd3 f6 21.
gxf6 Bxf6 22. Nxf6+ Qxf6 23. Qg3 Rf7 24. Rg1 Bb5 25. Rd2 Raa7 26. Bg5 Qg6 27.
Qb8+ Rf8 28. Qxa7 h6 29. Qc5 Be8 30. Qxb4 Rf5 31. a3 hxg5 32. h4 Qh5 33. Rxg5
Rxg5 34. hxg5 Qxg5 35. Qd4 Qg1+ 36. Ka2 Qc1 37. f4 Bg6 38. Qc3 Be4 39. Re2 Qf1
40. Qd2 Kf7 41. Rf2 Qg1 42. Rh2 Qf1 43. Re2 Kg8 44. Re1 Qb5 45. Qc3 Qb7 46. Rd1
Kh7 47. Rd4 Qa7 48. Qd2 Qc5 49. Kb1 Qb5 50. Qf2 Qc6 51. Rb4 Kg6 52. Qd2 Kf7 53.
b3 axb3 54. Rxb3 Qc4 55. Kb2 Kg8 56. Qc3 Qa6 57. Qc7 Qe2 58. a4 Qd2 59. Qc3 Qe2
60. Rb7 1-0

[Event "77 España ch 2012"]
[Site "Maspalomas ESP"]
[Date "2012.10.07"]
[Round "9.20"]
[White "Nicolas Zapata, Irene"]
[Black "Perez Barreto, Adrian"]
[Result "1-0"]
[WhiteElo "2193"]
[BlackElo "1966"]
[PlyCount "43"]
[EventDate "2012.09.29"]
[EventType "swiss"]
[EventRounds "9"]
[EventCountry "ESP"]
[Source "lmi"]
[SourceDate "2012.09.29"]

1. Nf3 Nf6 2. g3 g6 3. Bg2 Bg7 4. O-O O-O 5. d4 d6 6. a4 Nc6 7. a5 a6 8. d5 Nb8
9. Nc3 Nbd7 10. e4 Nc5 11. Re1 Bg4 12. h3 Bxf3 13. Qxf3 Nfd7 14. b4 Ne5 15. Qe2
Nc6 16. dxc6 Bxc3 17. bxc5 Bxa1 18. cxb7 Rb8 19. Bd2 dxc5 20. Rxa1 Rxb7 21. Bh6
Re8 22. e5 1-0

[Event "77 España ch 2012"]
[Site "Maspalomas ESP"]
[Date "2012.10.07"]
[Round "9.21"]
[White "Zamarbide Inarrea, Daniel"]
[Black "Ramirez Medina, Victor"]
[Result "1-0"]
[WhiteElo "2192"]
[BlackElo "1875"]
[PlyCount "61"]
[EventDate "2012.09.29"]
[EventType "swiss"]
[EventRounds "9"]
[EventCountry "ESP"]
[Source "lmi"]
[SourceDate "2012.09.29"]

1. e4 c5 2. Nf3 d6 3. d4 cxd4 4. Qxd4 a6 5. Be3 Nc6 6. Qb6 Qxb6 7. Bxb6 Nf6 8.
Nc3 e6 9. O-O-O Be7 10. Bc7 b5 11. a3 Kd7 12. Bxd6 Bxd6 13. e5 Nxe5 14. Nxe5+
Ke7 15. Rxd6 Kxd6 16. Nxf7+ Ke7 17. Nxh8 Bb7 18. Ng6+ hxg6 19. f3 Rh8 20. Bd3
g5 21. Kd2 g4 22. Be4 Nxe4+ 23. fxe4 Kd6 24. Ke3 Ke5 25. h4 Rf8 26. h5 g3 27.
Rh3 Rf4 28. h6 Bxe4 29. Rh5+ g5 30. Rxg5+ Bf5 31. Rh5 1-0

[Event "77 España ch 2012"]
[Site "Maspalomas ESP"]
[Date "2012.10.07"]
[Round "9.22"]
[White "Menvielle Laccourreye, Augusto"]
[Black "Moya Mallafre, Erik"]
[Result "1-0"]
[WhiteElo "2133"]
[BlackElo "1988"]
[PlyCount "83"]
[EventDate "2012.09.29"]
[EventType "swiss"]
[EventRounds "9"]
[EventCountry "ESP"]
[Source "lmi"]
[SourceDate "2012.09.29"]

1. e4 c5 2. Nf3 Nc6 3. d4 cxd4 4. Nxd4 Nf6 5. Nc3 e5 6. Ndb5 d6 7. Nd5 Nxd5 8.
exd5 Nb8 9. c4 Be7 10. Be3 Bd7 11. Nc3 O-O 12. Qb3 Qc8 13. Be2 Na6 14. O-O f5
15. f3 Nc5 16. Qc2 a5 17. b3 g5 18. a3 f4 19. Bf2 Bf5 20. Ne4 a4 21. b4 Nb3 22.
Rad1 Qd7 23. Bd3 Rac8 24. Qe2 g4 25. c5 gxf3 26. gxf3 Bh3 27. Kh1 Bxf1 28. Qxf1
Kh8 29. Bb5 Qf5 30. Bxa4 Qh5 31. Bg1 Nd4 32. cxd6 Bd8 33. Bd7 Nxf3 34. Bxc8 Rg8
35. Qh3 Nh4 36. Re1 Rg2 37. Bf2 f3 38. Bxh4 Bxh4 39. Rf1 Rc2 40. Bg4 Qh6 41. d7
Kg7 42. Bxf3 1-0

[Event "77 España ch 2012"]
[Site "Maspalomas ESP"]
[Date "2012.10.07"]
[Round "9.23"]
[White "Navarro Molina, David"]
[Black "Gonzalez Perez, Cristina"]
[Result "1-0"]
[WhiteElo "2122"]
[BlackElo "1802"]
[PlyCount "65"]
[EventDate "2012.09.29"]
[EventType "swiss"]
[EventRounds "9"]
[EventCountry "ESP"]
[Source "lmi"]
[SourceDate "2012.09.29"]

1. d4 d5 2. c4 c6 3. Nc3 e6 4. e3 Nf6 5. Nf3 Nbd7 6. Bd2 Bd6 7. Bd3 dxc4 8.
Bxc4 e5 9. O-O O-O 10. Bb3 exd4 11. exd4 Nb6 12. Qc2 Bc7 13. h3 Nbd5 14. Bg5
Qd6 15. Bh4 Be6 16. Rfe1 Nb4 17. Qd1 Bf5 18. Bg3 Qd8 19. Ne5 Bb6 20. a3 Nbd5
21. Rc1 Rc8 22. Ba2 Nc7 23. Nf3 Ne6 24. Be5 Re8 25. Na4 Bc7 26. Nc5 b6 27. Nxe6
Bxe6 28. Bxe6 Rxe6 29. Ng5 Re8 30. Rxc6 Nd5 31. Qh5 Nf6 32. Rxf6 gxf6 33. Qxh7+
1-0

[Event "77 España ch 2012"]
[Site "Maspalomas ESP"]
[Date "2012.10.07"]
[Round "9.24"]
[White "Morales Quintero, Jose Miguel"]
[Black "Sanchez Montesdeoca, Isaac"]
[Result "0-1"]
[WhiteElo "2012"]
[BlackElo "1771"]
[PlyCount "75"]
[EventDate "2012.09.29"]
[EventType "swiss"]
[EventRounds "9"]
[EventCountry "ESP"]
[Source "lmi"]
[SourceDate "2012.09.29"]

1. c4 Nf6 2. Nc3 e6 3. Nf3 b6 4. d4 d5 5. cxd5 exd5 6. Bg5 Be7 7. e3 O-O 8. Bd3
Re8 9. Qc2 h6 10. h4 Nbd7 11. O-O-O Bb7 12. Ne5 c5 13. f3 Qb8 14. Bb5 Nxe5 15.
dxe5 Qxe5 16. Bxe8 hxg5 17. hxg5 Qxe3+ 18. Kb1 Qxg5 19. Bb5 g6 20. Bd3 Bc8 21.
f4 Qg4 22. f5 c4 23. fxg6 cxd3 24. gxf7+ Kxf7 25. Qf2 Bc5 26. Qd2 Bf5 27. Rdf1
Re8 28. Nd1 Re2 29. Qf4 Qxf4 30. Rxf4 Be4 31. Rhf1 Bd4 32. Nc3 d2+ 33. Rxe4
Rxe4 34. Nxe4 dxe4 35. Kc2 e3 36. Kd3 Ke6 37. b3 Ne4 38. g4 0-1

[Event "77 España ch 2012"]
[Site "Maspalomas ESP"]
[Date "2012.10.07"]
[Round "9.25"]
[White "Cruz Pino, Adrian"]
[Black "Rodriguez Mellado, Antonio"]
[Result "1-0"]
[WhiteElo "2008"]
[BlackElo "1760"]
[PlyCount "91"]
[EventDate "2012.09.29"]
[EventType "swiss"]
[EventRounds "9"]
[EventCountry "ESP"]
[Source "lmi"]
[SourceDate "2012.09.29"]

1. b3 d5 2. Bb2 c5 3. Nf3 Nc6 4. e3 a6 5. d3 d4 6. c4 e5 7. exd4 exd4 8. g3 Bg4
9. Nbd2 Nf6 10. a3 Qa5 11. Bg2 O-O-O 12. O-O Bd6 13. Qc2 Qb6 14. Ng5 Bh5 15.
Nge4 Be7 16. Nxf6 Bxf6 17. Bc1 Ne5 18. Re1 Rhe8 19. b4 cxb4 20. axb4 Qxb4 21.
Bb2 Bg6 22. Ne4 Bxe4 23. Rxe4 Nc6 24. Rb1 Qc5 25. Qa4 Qa5 26. Bh3+ Kc7 27. Qb3
Rxe4 28. dxe4 Qb4 29. Qa2 Qd2 30. c5 Ne5 31. Qb3 Qd3 32. Qb6+ Kb8 33. Bxd4 Nf3+
34. Kh1 Qxe4 35. Bg2 Re8 36. c6 Qxb1+ 37. Qxb1 Re1+ 38. Qxe1 Nxe1 39. Ba7+ Kxa7
40. c7 Nxg2 41. Kxg2 b5 42. c8=Q Kb6 43. Kf3 b4 44. Qc4 a5 45. Ke4 Bc3 46. Kd5
1-0

[Event "77 España ch 2012"]
[Site "Maspalomas ESP"]
[Date "2012.10.07"]
[Round "9.26"]
[White "Camino Carrio, Nicanor"]
[Black "Monzon Aleman, Ayoze"]
[Result "1-0"]
[WhiteElo "1994"]
[BlackElo "1727"]
[PlyCount "58"]
[EventDate "2012.09.29"]
[EventType "swiss"]
[EventRounds "9"]
[EventCountry "ESP"]
[Source "lmi"]
[SourceDate "2012.09.29"]

1. e4 c6 2. d4 d5 3. e5 Bf5 4. Nf3 e6 5. Be2 h6 6. O-O c5 7. Be3 c4 8. c3 Ne7
9. b3 cxb3 10. axb3 Nec6 11. b4 Nd7 12. Nbd2 a6 13. b5 axb5 14. Bxb5 Be7 15. c4
dxc4 16. Nxc4 Rxa1 17. Qxa1 O-O 18. h3 Nb6 19. Bxc6 bxc6 20. Nxb6 Qxb6 21. d5
Bc5 22. Bxc5 Qxc5 23. d6 Be4 24. Rc1 Qb6 25. Qd4 Qxd4 26. Nxd4 Rc8 27. Nb3 Kf8
28. Nc5 Bd5 29. Ra1 Rb8 1-0

[Event "77 España ch 2012"]
[Site "Maspalomas ESP"]
[Date "2012.10.07"]
[Round "9.27"]
[White "Ladron De Guevara Pinto, Paolo"]
[Black "Alvarez Pedrosa, Valeriano"]
[Result "1-0"]
[WhiteElo "2378"]
[BlackElo "1947"]
[PlyCount "51"]
[EventDate "2012.09.29"]
[EventType "swiss"]
[EventRounds "9"]
[EventCountry "ESP"]
[Source "lmi"]
[SourceDate "2012.09.29"]

1. e4 c5 2. Nf3 Nc6 3. d4 cxd4 4. Nxd4 Nf6 5. Nc3 e5 6. Ndb5 d6 7. Bg5 a6 8.
Na3 b5 9. Bxf6 gxf6 10. Nd5 Bg7 11. c3 f5 12. exf5 Bxf5 13. Nc2 Be6 14. g3 O-O
15. Bg2 Rc8 16. O-O Ne7 17. Nce3 Nxd5 18. Bxd5 Rc5 19. Qd3 Qb6 20. Rad1 Rd8 21.
Qe4 Qa7 22. Qh4 Rcc8 23. Rd3 Rd7 24. Re1 Rcd8 25. Bc6 Bxa2 26. Bxd7 1-0

[Event "77 España ch 2012"]
[Site "Maspalomas ESP"]
[Date "2012.10.07"]
[Round "9.28"]
[White "Galvan Sarmiento, Jose Luis"]
[Black "Angel Acosta, Juan Carlos"]
[Result "1/2-1/2"]
[WhiteElo "1938"]
[BlackElo "2225"]
[PlyCount "81"]
[EventDate "2012.09.29"]
[EventType "swiss"]
[EventRounds "9"]
[EventCountry "ESP"]
[Source "lmi"]
[SourceDate "2012.09.29"]

1. d4 Nf6 2. Nf3 e6 3. Bf4 c5 4. c3 b6 5. e3 Bb7 6. Nbd2 Be7 7. Bd3 O-O 8. h3
d6 9. O-O Nc6 10. Qe2 Qc7 11. Bh2 e5 12. dxe5 Nxe5 13. Bc2 Qc6 14. Rfd1 Rfe8
15. Qf1 Ng6 16. Nc4 Rad8 17. a4 d5 18. Nce5 Nxe5 19. Nxe5 Qe6 20. Nd3 g5 21.
Ne1 Kh8 22. Qd3 Bc8 23. Nf3 Rg8 24. Be5 Rg7 25. a5 g4 26. hxg4 Qxg4 27. Ne1 Qh5
28. Bxf6 Bxf6 29. axb6 axb6 30. Qb5 Rdg8 31. Ra8 Be5 32. f4 Bf6 33. Qc6 Rxg2+
34. Nxg2 Rxg2+ 35. Kxg2 Qe2+ 36. Kh1 Qf3+ 37. Kh2 Qh3+ 38. Kg1 Qxe3+ 39. Kg2
Qe2+ 40. Kh1 Qh5+ 41. Kg2 1/2-1/2

[Event "77 España ch 2012"]
[Site "Maspalomas ESP"]
[Date "2012.10.07"]
[Round "9.29"]
[White "Quiza Vazquez, Carolina"]
[Black "Lopez Colon, Francisco"]
[Result "0-1"]
[WhiteElo "1655"]
[BlackElo "2093"]
[PlyCount "72"]
[EventDate "2012.09.29"]
[EventType "swiss"]
[EventRounds "9"]
[EventCountry "ESP"]
[Source "lmi"]
[SourceDate "2012.09.29"]

1. d4 c5 2. d5 e5 3. e4 d6 4. Nf3 Be7 5. c4 Nf6 6. Nc3 O-O 7. Be2 Ne8 8. O-O f5
9. a3 f4 10. b4 b6 11. Nb5 g5 12. bxc5 bxc5 13. Bb2 a6 14. Nxd6 Bxd6 15. Nxe5
Qe7 16. Ng4 h5 17. Nh6+ Kh7 18. Nf5 Bxf5 19. exf5 Be5 20. Bd3 Nf6 21. Re1 Nbd7
22. Qd2 Rfe8 23. Rad1 Qd6 24. Qc2 Rab8 25. Bxe5 Rxe5 26. Be2 Rbe8 27. Qd2 Kh6
28. h4 Rxf5 29. hxg5+ Rxg5 30. Bf3 Ree5 31. Rxe5 Qxe5 32. Re1 Qd4 33. Qc2 Ne5
34. Bd1 f3 35. g3 Rxg3+ 36. Kf1 Rg1+ 0-1

[Event "77 España ch 2012"]
[Site "Maspalomas ESP"]
[Date "2012.10.07"]
[Round "9.30"]
[White "Aleman Alamo, Nicolas"]
[Black "Garcia Caballero, Luis"]
[Result "0-1"]
[WhiteElo "1549"]
[BlackElo "2034"]
[PlyCount "76"]
[EventDate "2012.09.29"]
[EventType "swiss"]
[EventRounds "9"]
[EventCountry "ESP"]
[Source "lmi"]
[SourceDate "2012.09.29"]

1. d4 d5 2. c4 e6 3. Nc3 Nc6 4. Nf3 Bb4 5. cxd5 exd5 6. a3 Bxc3+ 7. bxc3 Nf6 8.
Bg5 O-O 9. e3 Qd6 10. Bxf6 Qxf6 11. h3 b6 12. Bd3 h6 13. O-O Be6 14. Nd2 Na5
15. Qf3 Qg5 16. Qg3 Qxg3 17. fxg3 Rae8 18. Rae1 c5 19. Bf5 g6 20. Bxe6 Rxe6 21.
Rf3 Rfe8 22. Kf2 c4 23. h4 Nb7 24. g4 Nd6 25. a4 R8e7 26. g5 h5 27. Rf6 Rxf6+
28. gxf6 Re6 29. Ke2 Rxf6 30. Rf1 Re6 31. Rf4 a5 32. g4 hxg4 33. Rxg4 b5 34.
Rg5 Nf5 35. e4 b4 36. Kf3 Nxh4+ 37. Kf4 bxc3 38. Nxc4 Rxe4+ 0-1

[Event "77 España ch 2012"]
[Site "Maspalomas ESP"]
[Date "2012.10.07"]
[Round "9.31"]
[White "Ramirez Maillo, Juan Adonay"]
[Black "Arnaiz Yanes, Miguel Angel"]
[Result "1/2-1/2"]
[WhiteElo "1645"]
[BlackElo "2004"]
[PlyCount "125"]
[EventDate "2012.09.29"]
[EventType "swiss"]
[EventRounds "9"]
[EventCountry "ESP"]
[Source "lmi"]
[SourceDate "2012.09.29"]

1. e4 e5 2. f4 d5 3. exd5 e4 4. d3 Nf6 5. dxe4 Nxe4 6. Nf3 Bc5 7. Qe2 Qe7 8.
Be3 Bxe3 9. Qxe3 O-O 10. Nbd2 Re8 11. O-O-O Nf6 12. Qxe7 Rxe7 13. Bc4 Nbd7 14.
Bb3 Nc5 15. Rhe1 Rxe1 16. Rxe1 Bf5 17. Re7 Rc8 18. Nd4 Be4 19. Nxe4 Nfxe4 20.
Nb5 a6 21. Rxc7 Rxc7 22. Nxc7 Nd6 23. Na8 Nd7 24. Ba4 b5 25. Bb3 Kf8 26. Nc7
Nb8 27. a4 Ke7 28. axb5 axb5 29. Kd2 Kd8 30. Nxb5 Nxb5 31. c4 Nd6 32. Kd3 Nd7
33. Bc2 g6 34. b4 Nf6 35. Kd4 Nh5 36. g3 Nf6 37. Ke5 Ke7 38. c5 Ng4+ 39. Kd4
Nb5+ 40. Kd3 Nf2+ 41. Kd2 Ng4 42. d6+ Nxd6 43. cxd6+ Kxd6 44. Bb3 Nxh2 45. Bxf7
Ng4 46. b5 Kc5 47. Be8 Nf6 48. Bc6 Nh5 49. g4 Nxf4 50. Kc3 h5 51. gxh5 gxh5 52.
Kb3 h4 53. Ka4 Kb6 54. Kb4 h3 55. Ka4 Ne6 56. Kb4 Nd4 57. Bh1 Nxb5 58. Kc4 Nd6+
59. Kd4 Nf5+ 60. Ke5 Ng3 61. Ba8 Kc5 62. Kf4 Nf1 63. Kg4 1/2-1/2

[Event "77 España ch 2012"]
[Site "Maspalomas ESP"]
[Date "2012.10.07"]
[Round "9.32"]
[White "Cruz Ramirez, Nauzet"]
[Black "Boutahar Belgasi, Tarik"]
[Result "0-1"]
[WhiteElo "1760"]
[BlackElo "1994"]
[PlyCount "76"]
[EventDate "2012.09.29"]
[EventType "swiss"]
[EventRounds "9"]
[EventCountry "ESP"]
[Source "lmi"]
[SourceDate "2012.09.29"]

1. d4 Nf6 2. c4 c5 3. d5 b5 4. cxb5 a6 5. f3 e6 6. e4 d6 7. Nc3 exd5 8. Nxd5
Nxd5 9. Qxd5 Ra7 10. Bg5 Qa5+ 11. Bd2 Qb6 12. a4 Be6 13. Qg5 axb5 14. Bxb5+ Nd7
15. Ne2 h6 16. Qg3 Be7 17. O-O O-O 18. f4 Nf6 19. f5 Bd7 20. Nc3 Re8 21. Bxd7
Rxd7 22. a5 Qa6 23. Qf3 Bf8 24. b3 Ra7 25. Rfb1 Rb7 26. Nd5 Nxd5 27. exd5 Be7
28. Ra4 Bf6 29. h3 Bd4+ 30. Kh2 Ree7 31. Qg4 Qd3 32. Re1 Rxe1 33. Bxe1 Rxb3 34.
f6 Bxf6 35. a6 Be5+ 36. Kg1 Rb1 37. Re4 Qxd5 38. Qe2 Ra1 0-1

[Event "77 España ch 2012"]
[Site "Maspalomas ESP"]
[Date "2012.10.07"]
[Round "9.33"]
[White "Perez Aleman, Pedro Tomas"]
[Black "Guerrero Ruiz, Jose Luis"]
[Result "1-0"]
[WhiteElo "2110"]
[BlackElo "1720"]
[PlyCount "44"]
[EventDate "2012.09.29"]
[EventType "swiss"]
[EventRounds "9"]
[EventCountry "ESP"]
[Source "lmi"]
[SourceDate "2012.09.29"]

1. e4 c5 2. d4 cxd4 3. c3 dxc3 4. Nxc3 a6 5. Bc4 e6 6. Nf3 b5 7. Bb3 Bb7 8. Qe2
Be7 9. e5 Bxf3 10. Qxf3 Nc6 11. Qg3 Qc7 12. f4 g6 13. Qh3 Nxe5 14. fxe5 Qxe5+
15. Qe3 Qxe3+ 16. Bxe3 d5 17. Rf1 Nf6 18. Bd4 Ng4 19. Bxh8 Nxh2 20. Rh1 Bd6 21.
Bd4 Rd8 22. Bd1 Bg3+ 1-0

[Event "77 España ch 2012"]
[Site "Maspalomas ESP"]
[Date "2012.10.07"]
[Round "9.34"]
[White "Henriquez Garcia, David"]
[Black "Marrero Cardenes, Agustin"]
[Result "1-0"]
[WhiteElo "1993"]
[BlackElo "1937"]
[PlyCount "47"]
[EventDate "2012.09.29"]
[EventType "swiss"]
[EventRounds "9"]
[EventCountry "ESP"]
[Source "lmi"]
[SourceDate "2012.09.29"]

1. e4 c6 2. d4 d5 3. e5 Bf5 4. c3 e6 5. Bd3 Bg6 6. h4 Nd7 7. h5 Bxd3 8. Qxd3 c5
9. Nf3 Qb6 10. O-O Ne7 11. b3 cxd4 12. cxd4 g6 13. Nc3 a6 14. Na4 Qa7 15. Ba3
b5 16. Nc5 Nxc5 17. Bxc5 Qd7 18. a4 Rb8 19. axb5 axb5 20. Ra7 Rb7 21. Ra8+ Nc8
22. Bxf8 Rxf8 23. Rc1 Ke7 24. Qc3 1-0

[Event "77 España ch 2012"]
[Site "Maspalomas ESP"]
[Date "2012.10.07"]
[Round "9.35"]
[White "Garcia Garcia, Adrian Antonio"]
[Black "Hernandez Diaz, Heriberto"]
[Result "1-0"]
[WhiteElo "1978"]
[BlackElo "1713"]
[PlyCount "83"]
[EventDate "2012.09.29"]
[EventType "swiss"]
[EventRounds "9"]
[EventCountry "ESP"]
[Source "lmi"]
[SourceDate "2012.09.29"]

1. e4 d6 2. d4 Nf6 3. Nc3 g6 4. f4 Bg7 5. Nf3 O-O 6. Be3 b6 7. Bd3 Ng4 8. Qd2
c5 9. Ne2 Qc7 10. c3 Bb7 11. O-O Nd7 12. h3 Nxe3 13. Qxe3 Rfc8 14. Ng3 e6 15.
h4 f5 16. h5 Re8 17. hxg6 hxg6 18. e5 Bxf3 19. Rxf3 Kf7 20. Bb5 Rec8 21. Rd1
Rd8 22. Rff1 a6 23. exd6 Qxd6 24. dxc5 Qc7 25. Bxd7 Rxd7 26. cxb6 Qd8 27. Rxd7+
Qxd7 28. a4 a5 29. Qc5 Bf8 30. Qe3 Rc8 31. Ne2 Bc5 32. Nd4 Bxb6 33. Re1 Rc4 34.
Rd1 Rxa4 35. Kh2 Ra2 36. Qf3 Bxd4 37. Rxd4 Qb5 38. Qh3 e5 39. Qh7+ Ke8 40. Qg8+
Ke7 41. Qd8+ Kf7 42. Rd7+ 1-0

[Event "77 España ch 2012"]
[Site "Maspalomas ESP"]
[Date "2012.10.07"]
[Round "9.36"]
[White "De La Hoz Sanchez, Ruben"]
[Black "Sanchez Ramirez, Gustavo"]
[Result "0-1"]
[WhiteElo "1973"]
[BlackElo "1591"]
[PlyCount "74"]
[EventDate "2012.09.29"]
[EventType "swiss"]
[EventRounds "9"]
[EventCountry "ESP"]
[Source "lmi"]
[SourceDate "2012.09.29"]

1. d4 Nf6 2. c4 c6 3. Nc3 d5 4. cxd5 cxd5 5. Bf4 Nc6 6. e3 e6 7. Nf3 Bd6 8.
Bxd6 Qxd6 9. Bb5 O-O 10. O-O a6 11. Bxc6 bxc6 12. Rc1 Rb8 13. Na4 Nd7 14. Qc2
Bb7 15. Nc5 Nxc5 16. Qxc5 Qxc5 17. Rxc5 Ba8 18. b3 f6 19. Rfc1 Rb6 20. Ne1 Rfb8
21. Nd3 Rb5 22. Kf1 Kf7 23. Rxb5 axb5 24. Nc5 Ke7 25. b4 Kd6 26. Ra1 Bb7 27. a4
bxa4 28. Rxa4 Bc8 29. Ke2 e5 30. Ra7 Rxb4 31. Rxg7 exd4 32. exd4 Rxd4 33. Nb3
Ba6+ 34. Ke3 Re4+ 35. Kd2 Re2+ 36. Kc3 Rxf2 37. g3 Rxh2 0-1

[Event "77 España ch 2012"]
[Site "Maspalomas ESP"]
[Date "2012.10.07"]
[Round "9.37"]
[White "De Prado Rodriguez, Oscar Brun"]
[Black "Rodriguez Manzaneda, Irene"]
[Result "1-0"]
[WhiteElo "2283"]
[BlackElo "1709"]
[PlyCount "39"]
[EventDate "2012.09.29"]
[EventType "swiss"]
[EventRounds "9"]
[EventCountry "ESP"]
[Source "lmi"]
[SourceDate "2012.09.29"]

1. d4 d5 2. Nf3 Nf6 3. e3 Bf5 4. c4 e6 5. Qb3 Qc8 6. cxd5 exd5 7. Nc3 c6 8. Bd2
Bd6 9. Rc1 Nbd7 10. Nb5 Be7 11. Bb4 Bxb4+ 12. Qxb4 Ne4 13. Bd3 Ndf6 14. Ne5 a6
15. f3 axb5 16. fxe4 Bxe4 17. Bxb5 Nd7 18. Bxc6 Qd8 19. Nxf7 Qc7 20. Qd6 1-0

[Event "77 España ch 2012"]
[Site "Maspalomas ESP"]
[Date "2012.10.07"]
[Round "9.39"]
[White "Moreno Cameno, Juan Carlos"]
[Black "Rossello Padron, Carlos"]
[Result "1-0"]
[WhiteElo "1686"]
[BlackElo "1882"]
[PlyCount "75"]
[EventDate "2012.09.29"]
[EventType "swiss"]
[EventRounds "9"]
[EventCountry "ESP"]
[Source "lmi"]
[SourceDate "2012.09.29"]

1. e4 c5 2. Nf3 Nc6 3. d4 cxd4 4. Nxd4 Nf6 5. Nc3 e5 6. Ndb5 d6 7. Bg5 a6 8.
Bxf6 gxf6 9. Na3 f5 10. Qh5 f4 11. Bc4 Qd7 12. Nd5 Qd8 13. O-O-O Be6 14. Nb6
Qxb6 15. Bxe6 Qc7 16. Nc4 Nd4 17. Bd5 Rc8 18. c3 b5 19. Nxd6+ Bxd6 20. Kb1 Nc6
21. Rd2 Qe7 22. Rhd1 O-O 23. Rd3 Kh8 24. Rh3 f6 25. Qf5 Rc7 26. Rdd3 Qd8 27.
Bxc6 Rff7 28. Bd5 Rg7 29. Rh6 Be7 30. Rdh3 Bd6 31. Rxf6 Rxg2 32. Rfh6 Rgg7 33.
Qe6 Rgd7 34. Rg6 Rc8 35. Rf6 Qc7 36. Rf5 Rg7 37. Qf6 Qe7 38. Rxh7+ 1-0

[Event "77 España ch 2012"]
[Site "Maspalomas ESP"]
[Date "2012.10.07"]
[Round "9.40"]
[White "Perez Castellano, Susana"]
[Black "Gonzalez Armas, Dinia"]
[Result "1-0"]
[WhiteElo "1876"]
[BlackElo "1696"]
[PlyCount "69"]
[EventDate "2012.09.29"]
[EventType "swiss"]
[EventRounds "9"]
[EventCountry "ESP"]
[Source "lmi"]
[SourceDate "2012.09.29"]

1. e4 c5 2. Nf3 d6 3. Bb5+ Bd7 4. Bxd7+ Qxd7 5. O-O Nf6 6. Re1 Nc6 7. c3 g6 8.
d4 cxd4 9. cxd4 Bg7 10. Nc3 O-O 11. Bg5 h6 12. Bh4 Rac8 13. Rc1 Rfe8 14. h3 Qd8
15. a3 Qa5 16. Qd2 Kh7 17. Rc2 e6 18. Rb1 Ne7 19. Bxf6 Rxc3 20. Bxg7 Kxg7 21.
Qxc3 Qb5 22. Qc4 Qb6 23. b4 d5 24. Qc5 Qa6 25. b5 Qa5 26. Qb4 Qb6 27. e5 Nf5
28. Rbc1 a6 29. Rc8 a5 30. Qb2 Re7 31. a4 Kh7 32. Qc3 Rd7 33. Rc7 Nxd4 34. Nxd4
Rxc7 35. Qxc7 1-0

[Event "77 España ch 2012"]
[Site "Maspalomas ESP"]
[Date "2012.10.07"]
[Round "9.41"]
[White "Diaz Sanchez, Jose Francisco"]
[Black "Sosa Iglesias, Rayco"]
[Result "1-0"]
[WhiteElo "1868"]
[BlackElo "1640"]
[PlyCount "57"]
[EventDate "2012.09.29"]
[EventType "swiss"]
[EventRounds "9"]
[EventCountry "ESP"]
[Source "lmi"]
[SourceDate "2012.09.29"]

1. e4 e5 2. Nf3 Nc6 3. d4 exd4 4. Nxd4 Qf6 5. Nxc6 Bc5 6. Qf3 Qxf3 7. gxf3 dxc6
8. Be3 Bxe3 9. fxe3 Be6 10. Nc3 O-O-O 11. Bd3 Nf6 12. O-O-O g6 13. Ne2 Nd7 14.
Nf4 Ne5 15. Nxe6 Nxd3+ 16. Rxd3 Rxd3 17. cxd3 fxe6 18. Kd2 Kd7 19. f4 c5 20. h4
Rf8 21. h5 g5 22. Rg1 gxf4 23. Rg7+ Kd6 24. Rxh7 f3 25. Ke1 f2+ 26. Kf1 Rf3 27.
Rh8 Rxe3 28. Kxf2 Rxd3 29. Rd8+ 1-0

[Event "77 España ch 2012"]
[Site "Maspalomas ESP"]
[Date "2012.10.07"]
[Round "9.42"]
[White "Suarez Pazos, Alberto"]
[Black "Biscarri Candalia, Oscar"]
[Result "1-0"]
[WhiteElo "1741"]
[BlackElo "1531"]
[PlyCount "91"]
[EventDate "2012.09.29"]
[EventType "swiss"]
[EventRounds "9"]
[EventCountry "ESP"]
[Source "lmi"]
[SourceDate "2012.09.29"]

1. d4 d5 2. Nf3 e6 3. Bf4 Nd7 4. e3 Ngf6 5. Bd3 c6 6. c3 c5 7. Nbd2 c4 8. Bc2
Be7 9. Be5 h6 10. O-O O-O 11. Qe2 Re8 12. e4 b5 13. Bxf6 Bxf6 14. e5 Be7 15.
Ne1 Nf8 16. f4 Rb8 17. a3 a5 18. Rf3 b4 19. axb4 axb4 20. g4 b3 21. Bb1 f5 22.
Rh3 Nh7 23. Qg2 Kf7 24. gxf5 exf5 25. Rg3 Rg8 26. Rg6 Be6 27. Nf1 Nf8 28. Rg3
Bh4 29. Re3 Bxe1 30. Rxe1 Ra8 31. Rxa8 Qxa8 32. Ne3 Ng6 33. Bxf5 Nf8 34. Bxe6+
Nxe6 35. f5 Nf4 36. e6+ Ke8 37. Qg3 Nh5 38. Qg6+ Ke7 39. Qxh5 g6 40. Qh4+ Kd6
41. Qf4+ Kc6 42. f6 Qd8 43. e7 Qd6 44. Qxd6+ Kxd6 45. Nxc4+ Kd7 46. f7 1-0

[Event "77 España ch 2012"]
[Site "Maspalomas ESP"]
[Date "2012.10.07"]
[Round "9.43"]
[White "Gonzalez Acosta, Pablo"]
[Black "Diaz Perez, Jose Juan"]
[Result "1-0"]
[WhiteElo "1906"]
[BlackElo "1730"]
[PlyCount "43"]
[EventDate "2012.09.29"]
[EventType "swiss"]
[EventRounds "9"]
[EventCountry "ESP"]
[Source "lmi"]
[SourceDate "2012.09.29"]

1. d4 d5 2. Nf3 Nf6 3. e3 Bf5 4. c4 e6 5. Nc3 c6 6. Qb3 Qc7 7. Bd2 Nbd7 8. Rc1
Bd6 9. cxd5 exd5 10. Nb5 Qb8 11. Nxd6+ Qxd6 12. Qxb7 Rb8 13. Qxc6 Qxc6 14. Rxc6
O-O 15. b3 Bb1 16. Ra6 Rfc8 17. Be2 Rc2 18. O-O Ne4 19. Rxb1 Nxd2 20. Nxd2 Rxd2
21. Bf3 Nf6 22. Rc1 1-0

[Event "77 España ch 2012"]
[Site "Maspalomas ESP"]
[Date "2012.10.07"]
[Round "9.44"]
[White "Garceran Izquierdo, Ruben"]
[Black "Salazar Martin, Jose Maria"]
[Result "1-0"]
[WhiteElo "1719"]
[BlackElo "1855"]
[PlyCount "93"]
[EventDate "2012.09.29"]
[EventType "swiss"]
[EventRounds "9"]
[EventCountry "ESP"]
[Source "lmi"]
[SourceDate "2012.09.29"]

1. c4 f5 2. Nc3 Nf6 3. Nf3 e6 4. d3 Bb4 5. Qb3 c5 6. Bd2 Bxc3 7. bxc3 Nc6 8. e3
O-O 9. Be2 Qb6 10. Qxb6 axb6 11. O-O h6 12. Rfb1 Ra6 13. d4 Ne4 14. d5 Nxd2 15.
Nxd2 Ne5 16. Nf3 d6 17. Nxe5 dxe5 18. Rb2 Rd8 19. Rab1 Ra3 20. Rc2 Rd6 21. Rcb2
exd5 22. Rxb6 Rxb6 23. Rxb6 Rxa2 24. Bf1 Ra6 25. Rb5 Kf8 26. cxd5 Ke7 27. Rxc5
Ra8 28. Rb5 Ra1 29. Rb6 Rc1 30. c4 f4 31. e4 f3 32. Rb3 g5 33. Rxf3 h5 34. Rb3
g4 35. g3 Re1 36. Re3 Rc1 37. Kg2 Kd6 38. Ra3 b6 39. Ra8 Bd7 40. Rh8 Ba4 41.
Rxh5 Bd1 42. f4 Rc2+ 43. Kg1 Bf3 44. fxe5+ Kc5 45. e6 Rc1 46. e7 Be2 47. Rf5
1-0